ARRUPE JESUIT UNIVERSITY

CORONAVIRUS -STOP THE SPREAD - CLEAN,DISINFECT,COVER

Opening eyes : (Record no. 128532)

MARC details
000 -LEADER
fixed length control field 01116cam a22002894a 4500
001 - CONTROL NUMBER
control field 15699878
003 - CONTROL NUMBER IDENTIFIER
control field ARRUPE
005 - DATE AND TIME OF LATEST TRANSACTION
control field 20181109092848.0
008 - FIXED-LENGTH DATA ELEMENTS--GENERAL INFORMATION
fixed length control field 090415s2008 rh a b 000 0 eng
010 ## - LIBRARY OF CONGRESS CONTROL NUMBER
LC control number 2009334172
020 ## - INTERNATIONAL STANDARD BOOK NUMBER
International Standard Book Number 9780797436152
040 ## - CATALOGING SOURCE
Original cataloging agency DLC
Transcribing agency DLC
Modifying agency DLC
042 ## - AUTHENTICATION CODE
Authentication code lcode
043 ## - GEOGRAPHIC AREA CODE
Geographic area code f-rh---
050 00 - LIBRARY OF CONGRESS CALL NUMBER
Classification number HN49.C6 T196
300 ## - PHYSICAL DESCRIPTION
Other physical details ill. ;
Dimensions 21 cm.
100 1# - MAIN ENTRY--PERSONAL NAME
Personal name Tarusarira, Joram.
9 (RLIN) 43327
245 10 - TITLE STATEMENT
Title Opening eyes :
Remainder of title the role of training for transformation in community empowerment /
Statement of responsibility, etc by Joram Tarusarira and Arkmore Kori.
260 ## - PUBLICATION, DISTRIBUTION, ETC. (IMPRINT)
Place of publication, distribution, etc Harare :
Name of publisher, distributor, etc Silveira House,
Date of publication, distribution, etc 2008.
300 ## - PHYSICAL DESCRIPTION
Extent 71 p. :
490 0# - SERIES STATEMENT
Series statement Silveira House social series ;
Volume number/sequential designation no. 20
504 ## - BIBLIOGRAPHY, ETC. NOTE
Bibliography, etc Includes bibliographical references (p. 68-70).
650 10 - SUBJECT ADDED ENTRY--TOPICAL TERM
Topical term or geographic name as entry element Community development
Geographic subdivision Zimbabwe.
9 (RLIN) 11776
650 10 - SUBJECT ADDED ENTRY--TOPICAL TERM
Topical term or geographic name as entry element Community organization
Geographic subdivision Zimbabwe.
9 (RLIN) 43328
700 1# - ADDED ENTRY--PERSONAL NAME
Personal name Kori, Arkmore.
9 (RLIN) 43329
906 ## - LOCAL DATA ELEMENT F, LDF (RLIN)
a 7
b cbc
c origode
d 3
e ncip
f 20
g y-gencatlg
942 ## - ADDED ENTRY ELEMENTS (KOHA)
Source of classification or shelving scheme Library of Congress Classification
Koha item type Monograph ( Printed materials)
Holdings
Withdrawn status Lost status Source of classification or shelving scheme Damaged status Not for loan Collection code Home library Current library Shelving location Date acquired Total Checkouts Full call number Barcode Date last seen Date checked out Price effective from Koha item type
    Library of Congress Classification     Main Collection ARRUPE LIBRARY ARRUPE LIBRARY Main Collection 09/11/2018 1 HN49.C6 T196 46600002830 16/05/2022 01/06/2021 09/11/2018 Monograph ( Printed materials)

 

Arrupe Library. PO Box MP320 Mt Pleasant, Harare, Zimbabwe
263 242 745411|librarian@aju.ac.zw